LE SSERAFIM - Une lettre, une chanson - Statistiques

Statistiques générales
  • Ce quiz a été pris 44 fois
  • Le résultat moyen est 11 sur 16
Statistiques - réponses
Lettres Chansons % Correct
A ANTIFRAGILE / Ash
97%
S Smart / So Cynical (Badum) / Sour Grapes / SPAGHETTI / Star Signs / Swan Song
97%
C Chasing Lightning / Choices / Crazier / CRAZY / Come Over
89%
F FEARLESS / FEARNOT (between you, me and the lamppost) / Fire in the Belly / Flash Forward
89%
E EASY / Eve, Psyche & The Bluebeard's wife
82%
H HOT / The Hydra
79%
P Perfect Night / Pierrot
76%
U UNFORGIVEN
74%
B Blue Flame / Born Fire / Burn The Bridge
71%
I Impurities
68%
Chiffres 1-800-hot-n-fun
58%
D DIFFERENT
58%
G Good Bones / Good Parts (when the quality is bad but I am) / The Great Mermaid / Guardian
55%
N No Celestial / the NOISE / No-Return (Into the unknown)
50%
W We got so much / The World Is My Oyster
45%
K Kawaii
39%
Aucun quiz correspondant
Distribution des résultats
% des personnes avec chaque résultat
Percentile par nombre de réponses
Votre historique - résultats
Vous n’avez pas pris ce quiz